[Event "Istanbul Open 2018"]
[Site "Istanbul"]
[Date "2018.09.08"]
[Round "9"]
[White "Ozsakallioglu, Akin"]
[Black "Nuri, Murad"]
[Result "0-1"]
[WhiteElo "1861"]
[BlackElo "2284"]
[Annotator "NA"]
[PlyCount "144"]
[EventDate "2018.09.02"]
[EventType "swiss"]
[EventCountry "TUR"]
[SourceTitle "playchess.com"]
[Source "ChessBase"]
[SourceQuality "1"]
[TimeControl "5400+30"]

1. e4 {[%emt 0:00:30]} c5 {[%emt 0:00:30]} 2. Nf3 {[%emt 0:00:00]} Nc6 {[%emt 0:00:00]} 3. c4 {[%emt 0:00:00]} g6 {[%emt 0:02:00]} 4. d4 {[%emt 0:04:30]} cxd4 {[%emt 0:00:30]} 5. Nxd4 {[%emt 0:00:00]} Nf6 {[%emt 0:00:00]} 6. Nc3 {[%emt 0:00:00]} d6 {[%emt 0:00:00]} 7. Be2 {[%emt 0:00:30]} Nxd4 {[%emt 0:00:30]} 8. Qxd4 {[%emt 0:00:30]} Bg7 {[%emt 0:00:00]} 9. Be3 {[%emt 0:00:30]} O-O {[%emt 0:00:00]} 10. Qd2 {[%emt 0:00:30]} a5 {[%emt 0:00:00] B36: Sizilianisch (Maroczy-Aufbau)} 11. f3 {[%emt 0:04:30]} (11. O-O a4 12. Bd4 Be6 13. f4 Qa5 14. Rad1 Rac8 15. b3 axb3 16. axb3 b5 17. Bxf6 Bxf6 18. Nxb5 Qxd2 19. Rxd2 Ra8 20. Nc7 Ra3 21. Nxe6 fxe6 {1-0 (58) Yu,Y (2759)-Bu,X (2718) Hangzhou 2018}) 11... a4 {[%emt 0:00:00]} 12. O-O {[%emt 0:00:30]} Qa5 {[%emt 0:00:30]} 13. Rab1 {[%emt 0:01:30]} Be6 {[%emt 0:00:30]} 14. Rfc1 {[%emt 0:05:30] LiveBook: 67 Games} Rfc8 {[%emt 0:00:30]} 15. b4 {[%emt 0:07:30]} axb3 {[%emt 0:00:30]} 16. axb3 {[%emt 0:00:30]} Qb4 {[%emt 0:01:30]} 17. Kf1 {[%emt 0:10:30]} Nd7 {[%emt 0:10:30]} 18. Nd5 {[%emt 0:08:30]} Qxd2 {[%emt 0:00:00]} 19. Bxd2 {[%emt 0:00:30]} Kf8 {[%emt 0:00:00]} 20. Be3 $146 {[%emt 0:00:30]} ({Vorgänger:} 20. Bg5 f6 21. Be3 f5 22. Nf4 Bf7 23. exf5 gxf5 24. Nd5 b5 25. Rd1 bxc4 26. bxc4 Rab8 {½-½ (26) Dolezal,C (2389)-Mekhitarian,K (2544) Buenos Aires 2017}) 20... Ra3 {[%emt 0:22:30]} 21. Nb6 {[%emt 0:15:30]} Nxb6 {[%emt 0:02:30]} 22. Bxb6 {[%emt 0:01:30]} f5 {[%emt 0:00:30]} 23. Bd3 {[%emt 0:00:30]} Be5 {[%emt 0:00:30]} 24. g3 {[%emt 0:12:30]} f4 {[%emt 0:00:30]} 25. g4 {[%emt 0:01:30]} g5 {[%emt 0:03:30]} 26. Bf2 {[%emt 0:02:30]} Kf7 {[%emt 0:08:30]} 27. Bg1 $17 {[%emt 0:04:06]} h5 {[%emt 0:00:30]} 28. h3 {[%emt 0:00:04]} Kf6 {[%emt 0:02:30]} 29. Bf2 {[%emt 0:00:46]} Rh8 {[%emt 0:01:30]} 30. Kg2 {[%emt 0:00:32]} Rha8 {[%emt 0:00:30]} 31. Kf1 {[%emt 0:00:14]} Ra2 {[%emt 0:02:30]} 32. Rc2 {[%emt 0:01:20]} Rxc2 {[%emt 0:12:30]} 33. Bxc2 {[%emt 0:00:08]} Ra2 {[%emt 0:00:30]} 34. Bd1 {[%emt 0:00:08]} h4 {[%emt 0:00:30]} 35. Be2 {[%emt 0:00:30]} Rc2 {[%emt 0:06:30]} 36. Bd3 {[%emt 0:02:05]} Rd2 {[%emt 0:00:30]} 37. Be2 {[%emt 0:00:18]} Ra2 {[%emt 0:00:00]} 38. Bb6 {[%emt 0:01:29]} Rc2 {[%emt 0:04:00]} 39. Bf2 {[%emt 0:02:44]} Bf7 {[%emt 0:01:30]} 40. Bb6 {[%emt 0:00:21]} Bc3 {[%emt 0:02:47]} 41. Bd1 {[%emt 0:06:26]} Ra2 {[%emt 0:10:13]} 42. Be2 {[%emt 0:01:59]} Ke5 {[%emt 0:00:48]} 43. Bd8 {[%emt 0:00:17]} Kf6 {[%emt 0:00:08]} 44. Rd1 {[%emt 0:00:29]} Be5 {[%emt 0:01:03]} 45. Rb1 {[%emt 0:02:38]} Rc2 {[%emt 0:00:51]} 46. Bb6 {[%emt 0:00:28]} Bc3 {[%emt 0:00:41]} 47. Bd1 {[%emt 0:00:29]} Rd2 {[%emt 0:00:01]} 48. Bf2 {[%emt 0:01:09]} Ra2 {[%emt 0:00:04]} 49. Be2 {[%emt 0:00:29]} Ke5 {[%emt 0:02:32]} 50. Bb6 {[%emt 0:00:11]} Bd4 {[%emt 0:00:50]} 51. Bd8 {[%emt 0:03:39]} Kf6 {[%emt 0:00:01]} 52. Rd1 {[%emt 0:00:00]} Bc5 {[%emt 0:00:06]} 53. b4 {[%emt 0:00:12]} Bxb4 {[%emt 0:00:51]} 54. Rb1 {[%emt 0:00:04]} Ra4 {[%emt 0:01:23]} 55. Rb2 {[%emt 0:00:54]} Be6 {[%emt 0:01:16]} 56. Bd1 {[%emt 0:01:45]} Bxc4+ {[%emt 0:00:13]} 57. Be2 {[%emt 0:00:48]} b5 {[%emt 0:00:48]} 58. Bb6 {[%emt 0:00:33]} Ke6 {[%emt 0:02:33]} 59. Bd4 {[%emt 0:00:21]} Ba3 {[%emt 0:00:39]} 60. Bxc4+ {[%emt 0:00:23]} Rxc4 {[%emt 0:00:12]} 61. Rxb5 {[%emt 0:00:04]} Rxd4 {[%emt 0:00:11]} 62. Rxg5 {[%emt 0:00:04]} Rd3 {[%emt 0:00:32]} 63. Kg2 {[%emt 0:00:30]} Rd2+ {[%emt 0:00:09]} 64. Kh1 {[%emt 0:00:22]} Rd1+ {[%emt 0:01:17]} 65. Kg2 {[%emt 0:00:12]} Rd2+ {[%emt 0:00:04]} 66. Kh1 {[%emt 0:00:03]} Bc5 {[%emt 0:00:03]} 67. Rf5 {[%emt 0:00:05]} Be3 {[%emt 0:00:33]} 68. Rh5 {[%emt 0:00:04]} Rf2 {[%emt 0:00:32]} 69. Rxh4 {[%emt 0:00:07]} Rxf3 {[%emt 0:00:02]} 70. Rh6+ {[%emt 0:00:08]} Ke5 {[%emt 0:00:04]} 71. g5 {[%emt 0:00:01]} Rg3 {[%emt 0:00:11]} 72. h4 {[%emt 0:00:14]} f3 {[%emt 0:00:02]} 0-1

[Event "Istanbul Open 2018"]
[Site "Istanbul"]
[Date "2018.09.08"]
[Round "9"]
[White "Emir, Emirhan"]
[Black "Aliakbarov, Anar"]
[Result "0-1"]
[WhiteElo "1852"]
[BlackElo "2322"]
[Annotator "NA"]
[PlyCount "82"]
[EventDate "2018.09.02"]
[EventType "swiss"]
[EventCountry "TUR"]
[SourceTitle "playchess.com"]
[Source "ChessBase"]
[SourceQuality "1"]
[TimeControl "5400+30"]

1. c4 {[%emt 0:00:30]} Nf6 {[%emt 0:04:30]} 2. Nc3 {[%emt 0:00:00]} g6 {[%emt 0:00:00]} 3. d4 {[%emt 0:00:00]} Bg7 {[%emt 0:00:00]} 4. e4 {[%emt 0:00:30]} d6 {[%emt 0:00:00]} 5. f3 {[%emt 0:00:00]} O-O {[%emt 0:00:00]} 6. Be3 {[%emt 0:00:00]} b6 {[%emt 0:00:00]} 7. Nge2 {[%emt 0:01:30]} c5 {[%emt 0:00:00]} 8. Qd2 {[%emt 0:01:30]} Nc6 {[%emt 0:00:30]} 9. d5 {[%emt 0:02:30] LiveBook: 63 Games} Ne5 {[%emt 0:00:00]} 10. Nc1 {[%emt 0:00:30]} Ba6 {[%emt 0:01:00] E82: King's Indian: Sämisch: 6...b6} (10... e6 11. Be2 a6 12. O-O exd5 13. exd5 Re8 14. Bg5 Qe7 15. h3 Qf8 16. f4 Ned7 17. f5 h6 18. Bh4 {1-0 (66) Caetano,H (2231)-Cruz,W (2274) Curitiba 2016}) 11. b3 {[%emt 0:00:30]} e6 {[%emt 0:01:30]} 12. Be2 $1 {[%emt 0:04:30]} exd5 {[%emt 0:00:30]} 13. cxd5 {[%emt 0:00:30]} Bxe2 {[%emt 0:00:00]} 14. N1xe2 {[%emt 0:00:30]} a6 {[%emt 0:02:00]} 15. O-O {[%emt 0:02:30]} b5 {[%emt 0:01:30]} 16. Rac1 $146 {[%emt 0:06:30]} ({Predecessor:} 16. a4 Qd7 17. Bh6 Bxh6 18. Qxh6 {0-1 (27) Bui,N-Nguyen,M Hanoi 1995}) 16... Re8 {[%emt 0:09:30]} 17. Kh1 $11 {[%emt 0:02:30]} Rc8 {[%emt 0:18:30]} 18. Ng3 {[%emt 0:01:30]} c4 {[%emt 0:11:30]} 19. Nce2 {[%emt 0:02:30]} h5 {[%emt 0:02:30]} 20. Bg5 {[%emt 0:01:30]} Nd3 {[%emt 0:05:30]} 21. Rc2 {[%emt 0:01:30]} h4 {[%emt 0:06:30]} 22. Bxh4 {[%emt 0:02:30]} Nxe4 {[%emt 0:00:00]} 23. Bxd8 {[%emt 0:02:30]} Nxd2 {[%emt 0:00:00]} 24. Rxd2 {[%emt 0:00:30]} Rexd8 {[%emt 0:00:00]} 25. Ne4 {[%emt 0:00:30]} Nc5 {[%emt 0:10:00]} 26. bxc4 {[%emt 0:08:30]} Nxe4 {[%emt 0:00:30]} 27. fxe4 {[%emt 0:00:00]} Rxc4 {[%emt 0:03:30]} 28. Ng3 {[%emt 0:01:00]} Be5 {[%emt 0:00:00]} 29. Rd3 {[%emt 0:00:30]} b4 {[%emt 0:00:00]} 30. Rdf3 {[%emt 0:01:30]} Rd7 {[%emt 0:00:30]} 31. a3 {[%emt 0:00:30]} a5 {[%emt 0:00:30]} 32. axb4 {[%emt 0:00:30]} Rxb4 {[%emt 0:00:30]} 33. Ra3 {[%emt 0:00:30]} a4 {[%emt 0:00:00]} 34. Re1 {[%emt 0:00:30]} Re7 {[%emt 0:01:00]} 35. Nf1 {[%emt 0:00:30]} Bb2 {[%emt 0:00:30]} 36. Ra2 {[%emt 0:00:30]} a3 {[%emt 0:00:30]} 37. Nd2 {[%emt 0:00:30]} f5 {[%emt 0:00:00]} 38. h3 {[%emt 0:00:30]} fxe4 {[%emt 0:00:00]} 39. Re3 {[%emt 0:00:30]} Rd4 {[%emt 0:01:30]} 40. Nf3 {[%emt 0:00:30]} exf3 {[%emt 0:00:30]} 41. Rxf3 {[%emt 0:00:30]} Rd2 {[%emt 0:00:30]} 0-1

[Event "Istanbul Open 2018"]
[Site "Istanbul"]
[Date "2018.09.08"]
[Round "9"]
[White "Hakkaki Fard, Pedram"]
[Black "Tahaoglu, Erkin"]
[Result "1/2-1/2"]
[WhiteElo "1815"]
[BlackElo "1613"]
[Annotator "NA"]
[PlyCount "60"]
[EventDate "2018.09.02"]
[EventType "swiss"]
[EventCountry "TUR"]
[SourceTitle "playchess.com"]
[Source "ChessBase"]
[SourceQuality "1"]
[TimeControl "5400+30"]

1. d4 {[%emt 0:00:30]} Nf6 {[%emt 0:02:30]} 2. Bf4 {[%emt 0:00:00]} d5 {[%emt 0:00:30]} 3. e3 {[%emt 0:00:00]} Bf5 {[%emt 0:00:00]} 4. c4 {[%emt 0:00:30]} e6 {[%emt 0:01:00]} 5. Qb3 {[%emt 0:02:30]} Nc6 {[%emt 0:02:30]} 6. Qxb7 {[%emt 0:27:30]} Nb4 {[%emt 0:06:30]} 7. Na3 {[%emt 0:01:30]} Nd3+ {[%emt 0:06:30]} 8. Bxd3 {[%emt 0:10:30]} Bxd3 {[%emt 0:00:30]} 9. Qc6+ {[%emt 0:03:30]} Ke7 {[%emt 0:04:30]} 10. Bxc7 {[%emt 0:09:30]} Qd7 {[%emt 0:08:30]} 11. Qxa8 {[%emt 0:10:30]} Qxc7 {[%emt 0:00:00]} 12. Nb5 {[%emt 0:00:30]} Qa5+ {[%emt 0:05:00]} 13. Nc3 {[%emt 0:00:30]} Qc7 {[%emt 0:12:30]} 14. c5 {[%emt 0:05:30]} g6 {[%emt 0:00:30]} 15. c6 {[%emt 0:09:40]} Ba6 {[%emt 0:00:30]} 16. Nb5 {[%emt 0:00:27]} Qa5+ {[%emt 0:03:30]} 17. Kd1 {[%emt 0:02:53]} Bxb5 {[%emt 0:01:30]} 18. Qb7+ {[%emt 0:00:25]} Kd6 {[%emt 0:01:30]} 19. c7 {[%emt 0:03:24]} Bh6 {[%emt 0:07:30]} 20. c8=N+ {[%emt 0:02:36]} Rxc8 {[%emt 0:00:30]} 21. Qxc8 {[%emt 0:00:05]} Ne4 {[%emt 0:02:30]} 22. Nf3 {[%emt 0:00:20]} Nxf2+ {[%emt 0:00:30]} 23. Kc2 {[%emt 0:02:36]} Bd3+ {[%emt 0:02:30]} 24. Kb3 {[%emt 0:00:17]} Qb5+ {[%emt 0:03:30]} 25. Ka3 {[%emt 0:00:15]} Qa5+ {[%emt 0:03:30]} 26. Kb3 {[%emt 0:00:08]} Bc4+ {[%emt 0:01:30]} 27. Kc2 {[%emt 0:00:37]} Bd3+ {[%emt 0:07:37]} 28. Kb3 {[%emt 0:00:18]} Qb5+ {[%emt 0:00:34]} 29. Ka3 {[%emt 0:00:09]} Qa5+ {[%emt 0:00:32]} 30. Kb3 {[%emt 0:00:10]} Qb5+ {[%emt 0:00:05]} 1/2-1/2

[Event "Istanbul Open 2018"]
[Site "Istanbul"]
[Date "2018.09.08"]
[Round "9"]
[White "Kelpetin, Umut Can"]
[Black "Akin, Yagiz Cinar"]
[Result "0-1"]
[WhiteElo "1798"]
[BlackElo "1963"]
[Annotator "NA"]
[PlyCount "42"]
[EventDate "2018.09.02"]
[EventType "swiss"]
[EventCountry "TUR"]
[SourceTitle "playchess.com"]
[Source "ChessBase"]
[SourceQuality "1"]
[TimeControl "5400+30"]

1. e4 {[%emt 0:00:30]} g6 {[%emt 0:00:30]} 2. Nc3 {[%emt 0:00:00]} Bg7 {[%emt 0:00:00]} 3. f4 {[%emt 0:00:00]} d6 {[%emt 0:00:00]} 4. Nf3 {[%emt 0:00:00]} Nf6 {[%emt 0:00:30]} 5. Bc4 {[%emt 0:00:00]} O-O {[%emt 0:00:00]} 6. d3 {[%emt 0:00:00]} a6 {[%emt 0:00:00] B07: Pirc-Ufimzew-Verteidigung} (6... c5 7. O-O Nc6 8. Kh1 e6 9. Bb3 Na5 10. Qe1 Nxb3 11. axb3 b6 12. Qh4 Nh5 13. Qxd8 Rxd8 14. e5 f5 15. exd6 Rxd6 {½-½ (44) Gashimov,V (2758)-Zubov,A (2581) Warsaw 2009}) 7. a4 {[%emt 0:00:00]} Nc6 {[%emt 0:00:30]} 8. O-O {[%emt 0:00:30]} Bg4 {[%emt 0:00:30]} 9. Qe1 $146 {[%emt 0:02:30]} ({Vorgänger:} 9. h3 Bxf3 10. Qxf3 e6 11. Be3 d5 12. exd5 exd5 13. Bxd5 Nxd5 14. Qxd5 {1-0 (56) Bennett,H (2003)-Fraemohs,P (1981) Auckland 2010}) 9... Bxf3 {[%emt 0:00:30]} 10. Rxf3 {[%emt 0:00:00]} Nd4 {[%emt 0:00:30]} 11. Rh3 {[%emt 0:00:00]} Nxc2 {[%emt 0:09:30]} 12. Qh4 {[%emt 0:00:30]} e6 $2 {[%emt 0:04:30]} (12... Nxa1 $19 13. e5 Nh5) 13. f5 $2 {[%emt 0:06:30]} (13. Rb1 $17 h5 14. Bb3) 13... Nh5 {[%emt 0:07:30]} 14. Qg4 {[%emt 0:00:00]} exf5 {[%emt 0:00:00]} 15. exf5 {[%emt 0:00:00]} Qf6 {[%emt 0:06:00]} 16. Ne4 {[%emt 0:05:30]} Qxf5 {[%emt 0:04:30]} 17. Qxf5 {[%emt 0:00:30]} gxf5 {[%emt 0:00:30]} 18. Nc3 {[%emt 0:00:30]} Nxa1 {[%emt 0:01:30]} 19. Rxh5 {[%emt 0:00:00]} c6 {[%emt 0:01:30]} 20. Bf4 {[%emt 0:01:00]} d5 $19 {[%emt 0:01:30]} 21. Ba2 {[%emt 0:00:30]} Rfe8 {[%emt 0:00:30]} 0-1

[Event "Istanbul Open 2018"]
[Site "Istanbul"]
[Date "2018.09.08"]
[Round "9"]
[White "Bayramov, Araz"]
[Black "Gulceken, Sumeyye"]
[Result "1-0"]
[WhiteElo "1750"]
[BlackElo "1549"]
[Annotator "NA"]
[PlyCount "125"]
[EventDate "2018.09.02"]
[EventType "swiss"]
[EventCountry "TUR"]
[SourceTitle "playchess.com"]
[Source "ChessBase"]
[SourceQuality "1"]
[TimeControl "5400+30"]

1. d4 {[%emt 0:02:30]} Nf6 {[%emt 0:00:00]} 2. Bf4 {[%emt 0:00:30]} e6 {[%emt 0:00:00]} 3. Nf3 {[%emt 0:00:30]} d5 {[%emt 0:00:30]} 4. e3 {[%emt 0:00:30]} Bd6 {[%emt 0:02:30]} 5. Ne5 {[%emt 0:00:30]} O-O {[%emt 0:00:30]} 6. Bd3 {[%emt 0:00:30]} c6 {[%emt 0:01:30]} 7. Nd2 {[%emt 0:00:30]} Nbd7 {[%emt 0:00:30]} 8. Nxf7 {[%emt 0:00:30]} Rxf7 {[%emt 0:00:30]} 9. Bxd6 {[%emt 0:01:30]} Qb6 {[%emt 0:05:30]} 10. Nb3 {[%emt 0:39:30]} Ne8 {[%emt 0:04:30]} 11. Bf4 {[%emt 0:05:30]} c5 {[%emt 0:03:30]} 12. dxc5 {[%emt 0:03:30]} Nxc5 {[%emt 0:00:30]} 13. Nxc5 {[%emt 0:00:00]} Qxc5 {[%emt 0:00:00]} 14. Be5 {[%emt 0:00:00]} Qb4+ {[%emt 0:03:00]} 15. Bc3 {[%emt 0:04:30]} Qh4 {[%emt 0:01:30]} 16. O-O {[%emt 0:10:30]} Nf6 {[%emt 0:02:30]} 17. f3 {[%emt 0:05:30]} Bd7 {[%emt 0:17:30]} 18. Qe1 {[%emt 0:00:30]} Qh6 {[%emt 0:05:30]} 19. Be5 {[%emt 0:04:43]} g5 {[%emt 0:07:30]} 20. c4 {[%emt 0:02:48]} dxc4 {[%emt 0:05:30]} 21. Bxc4 {[%emt 0:00:02]} Rc8 {[%emt 0:02:30]} 22. Bb3 {[%emt 0:01:27]} Nd5 {[%emt 0:01:30]} 23. Rd1 {[%emt 0:03:10]} Nb6 {[%emt 0:08:30]} 24. Rd4 {[%emt 0:07:09]} Rf5 {[%emt 0:07:29]} 25. Bg3 {[%emt 0:01:40]} Kf8 {[%emt 0:08:05]} 26. Qd2 {[%emt 0:00:48]} Rf7 {[%emt 0:03:08]} 27. Rd1 {[%emt 0:01:19]} Qf6 {[%emt 0:08:25]} 28. Qa5 {[%emt 0:01:49]} Ra8 {[%emt 0:00:49]} 29. Bc7 {[%emt 0:00:30]} Nd5 {[%emt 0:00:35]} 30. e4 {[%emt 0:00:30]} b6 {[%emt 0:00:43]} 31. Bd6+ {[%emt 0:00:30]} Ne7 {[%emt 0:00:06]} 32. Qb4 {[%emt 0:00:41]} Bc6 {[%emt 0:00:34]} 33. Bxe7+ {[%emt 0:00:04]} Qxe7 {[%emt 0:00:41]} 34. Qxe7+ {[%emt 0:00:30]} Rxe7 {[%emt 0:00:12]} 35. Rd6 {[%emt 0:00:01]} Be8 {[%emt 0:00:35]} 36. Rxe6 {[%emt 0:00:30]} Rxe6 {[%emt 0:00:30]} 37. Bxe6 {[%emt 0:00:49]} Ke7 {[%emt 0:00:04]} 38. Bf5 {[%emt 0:00:37]} h6 {[%emt 0:00:04]} 39. Kf2 {[%emt 0:00:02]} a5 {[%emt 0:00:22]} 40. Ke3 {[%emt 0:00:10]} Ra7 {[%emt 0:00:14]} 41. Rc1 {[%emt 0:00:09]} b5 {[%emt 0:01:37]} 42. g3 {[%emt 0:01:26]} b4 {[%emt 0:00:28]} 43. h4 {[%emt 0:02:22]} gxh4 {[%emt 0:00:17]} 44. gxh4 {[%emt 0:00:00]} a4 {[%emt 0:00:43]} 45. e5 {[%emt 0:00:58]} a3 {[%emt 0:00:31]} 46. b3 {[%emt 0:00:26]} Ra8 {[%emt 0:00:41]} 47. Rc7+ {[%emt 0:00:39]} Kf8 {[%emt 0:00:22]} 48. Rb7 {[%emt 0:00:33]} Ra6 {[%emt 0:00:40]} 49. Rxb4 {[%emt 0:00:24]} Rc6 {[%emt 0:00:05]} 50. Rc4 {[%emt 0:00:13]} Rb6 {[%emt 0:00:22]} 51. Rc7 {[%emt 0:00:34]} Bc6 {[%emt 0:00:38]} 52. Ra7 {[%emt 0:00:37]} Rb5 {[%emt 0:00:26]} 53. f4 {[%emt 0:00:19]} Rc5 {[%emt 0:00:35]} 54. Rxa3 {[%emt 0:00:11]} Rc3+ {[%emt 0:00:11]} 55. Kd4 {[%emt 0:00:59]} Rf3 {[%emt 0:00:12]} 56. Kc5 {[%emt 0:00:03]} Be8 {[%emt 0:00:26]} 57. Ra8 {[%emt 0:00:49]} Ke7 {[%emt 0:00:07]} 58. Ra7+ {[%emt 0:00:37]} Kf8 {[%emt 0:00:07]} 59. Kd6 {[%emt 0:00:46]} Rxf4 {[%emt 0:00:18]} 60. Ke6 {[%emt 0:00:09]} Rb4 {[%emt 0:00:29]} 61. Kf6 {[%emt 0:00:11]} Rxh4 {[%emt 0:02:26]} 62. Ra8 {[%emt 0:00:05]} Rf4 {[%emt 0:00:08]} 63. e6 {[%emt 0:00:05]} 1-0

[Event "Istanbul Open 2018"]
[Site "Istanbul"]
[Date "2018.09.08"]
[Round "9"]
[White "Gezici, Omer Ata"]
[Black "Ocakacan, Deniz"]
[Result "1-0"]
[WhiteElo "1736"]
[BlackElo "1650"]
[Annotator "NA"]
[PlyCount "55"]
[EventDate "2018.09.02"]
[EventType "swiss"]
[EventCountry "TUR"]
[SourceTitle "playchess.com"]
[Source "ChessBase"]
[SourceQuality "1"]
[TimeControl "5400+30"]

1. e4 {[%emt 0:00:30]} c5 {[%emt 0:04:30]} 2. Nf3 {[%emt 0:00:00]} d6 {[%emt 0:00:30]} 3. Bb5+ {[%emt 0:00:00]} Nd7 {[%emt 0:00:00]} 4. O-O {[%emt 0:00:00]} Ngf6 {[%emt 0:00:00]} 5. Re1 {[%emt 0:00:00]} a6 {[%emt 0:00:30]} 6. Bd3 {[%emt 0:01:30]} b5 {[%emt 0:00:30]} 7. c4 {[%emt 0:00:00]} g5 {[%emt 0:00:30]} 8. Nxg5 {[%emt 0:00:00]} Ne5 {[%emt 0:01:30]} 9. Bf1 {[%emt 0:00:30]} bxc4 {[%emt 0:01:30]} 10. d4 {[%emt 0:00:30]} cxd3 {[%emt 0:00:00]} 11. f4 {[%emt 0:00:30]} Nc6 {[%emt 0:23:00]} 12. Bxd3 {[%emt 0:14:30]} h6 {[%emt 0:04:30]} 13. Nf3 {[%emt 0:00:30]} Qb6 {[%emt 0:00:30]} 14. Na3 {[%emt 0:16:30]} Na5 {[%emt 0:23:30]} 15. e5 {[%emt 0:17:30]} dxe5 {[%emt 0:12:30]} 16. fxe5 {[%emt 0:01:30]} Nd5 {[%emt 0:04:30]} 17. Be4 {[%emt 0:09:30]} e6 {[%emt 0:03:24]} 18. Bxd5 {[%emt 0:02:30]} exd5 {[%emt 0:00:07]} 19. Qxd5 {[%emt 0:01:30]} Bb7 {[%emt 0:00:25]} 20. Qd1 {[%emt 0:03:30]} Rg8 {[%emt 0:03:12]} 21. e6 {[%emt 0:09:30]} fxe6 {[%emt 0:00:36]} 22. Nh4 {[%emt 0:01:22]} c4+ {[%emt 0:06:20]} 23. Be3 {[%emt 0:06:33]} Qc6 {[%emt 0:02:09]} 24. Qh5+ {[%emt 0:02:55]} Ke7 {[%emt 0:01:15]} 25. Re2 {[%emt 0:05:18]} Qd5 {[%emt 0:01:01]} 26. Ng6+ {[%emt 0:01:56]} Ke8 {[%emt 0:01:45]} 27. Ne5+ {[%emt 0:00:36]} Kd8 {[%emt 0:00:35]} 28. Bb6+ {[%emt 0:01:47]} 1-0

[Event "Istanbul Open 2018"]
[Site "Istanbul"]
[Date "2018.09.08"]
[Round "9"]
[White "Kocer, Ahmet Doruk"]
[Black "Kavacik, Ahmet"]
[Result "1-0"]
[WhiteElo "1635"]
[BlackElo "1800"]
[Annotator "NA"]
[PlyCount "69"]
[EventDate "2018.09.02"]
[EventType "swiss"]
[EventCountry "TUR"]
[SourceTitle "playchess.com"]
[Source "ChessBase"]
[SourceQuality "1"]
[TimeControl "5400+30"]

1. e4 {[%emt 0:00:30]} c5 {[%emt 0:00:30]} 2. Nf3 {[%emt 0:00:00]} d6 {[%emt 0:00:00]} 3. d4 {[%emt 0:00:00]} cxd4 {[%emt 0:00:00]} 4. Nxd4 {[%emt 0:00:00]} Nf6 {[%emt 0:00:30]} 5. Nc3 {[%emt 0:00:00]} a6 {[%emt 0:00:00]} 6. h3 {[%emt 0:00:30]} e5 {[%emt 0:00:00]} 7. Nb3 {[%emt 0:00:30]} Be7 {[%emt 0:00:30]} 8. Be3 {[%emt 0:00:30]} Be6 {[%emt 0:00:30]} 9. Be2 {[%emt 0:01:30]} d5 $11 {[%emt 0:08:30]} 10. exd5 {[%emt 0:03:30]} Nxd5 {[%emt 0:00:30]} 11. Nxd5 {[%emt 0:00:30]} Bxd5 {[%emt 0:00:30]} 12. O-O {[%emt 0:01:30]} O-O {[%emt 0:01:30]} 13. c4 {[%emt 0:03:30]} Bc6 {[%emt 0:08:30]} 14. Qc2 {[%emt 0:04:30]} Nd7 {[%emt 0:03:30]} 15. Rad1 {[%emt 0:07:30]} Qc7 {[%emt 0:06:30]} 16. Bd3 {[%emt 0:05:30]} Nf6 {[%emt 0:07:30]} 17. Qc3 {[%emt 0:02:30]} Ne4 {[%emt 0:07:30]} 18. Qc2 {[%emt 0:02:30]} f5 {[%emt 0:01:30]} 19. a3 {[%emt 0:19:30]} b6 {[%emt 0:06:30]} 20. Rfe1 {[%emt 0:03:30]} Rf6 {[%emt 0:08:30]} 21. f3 {[%emt 0:12:30]} Ng3 {[%emt 0:06:30]} 22. Qf2 {[%emt 0:02:30]} Ba4 {[%emt 0:16:35]} 23. Qc2 {[%emt 0:08:57]} Raf8 {[%emt 0:02:24]} 24. c5 {[%emt 0:05:40]} b5 {[%emt 0:03:39]} 25. Qc3 {[%emt 0:02:48]} Rg6 {[%emt 0:03:19]} 26. Bc2 {[%emt 0:02:57]} Kh8 {[%emt 0:03:31]} 27. Rd5 {[%emt 0:01:34]} e4 {[%emt 0:00:57]} 28. f4 {[%emt 0:03:56]} Bh4 {[%emt 0:02:01]} 29. Nd4 {[%emt 0:02:36]} Bxc2 {[%emt 0:00:23]} 30. Qxc2 {[%emt 0:00:29]} Nh5 {[%emt 0:00:50]} 31. Rf1 {[%emt 0:00:24]} Ng3 {[%emt 0:01:41]} 32. Rd1 {[%emt 0:00:19]} Nh5 {[%emt 0:00:11]} 33. Nxf5 {[%emt 0:00:22]} Rxf5 {[%emt 0:00:52]} 34. Rxf5 {[%emt 0:00:22]} Ng3 {[%emt 0:00:30]} 35. Rf8# {[%emt 0:00:01]} 1-0

[Event "Istanbul Open 2018"]
[Site "Istanbul"]
[Date "2018.09.08"]
[Round "9"]
[White "Ekinci, Berkay"]
[Black "Topcu, Tibet Tuna"]
[Result "1-0"]
[WhiteElo "1612"]
[BlackElo "1590"]
[Annotator "NA"]
[PlyCount "85"]
[EventDate "2018.09.02"]
[EventType "swiss"]
[EventCountry "TUR"]
[SourceTitle "playchess.com"]
[Source "ChessBase"]
[SourceQuality "1"]
[TimeControl "5400+30"]

1. c4 {[%emt 0:00:30]} c6 {[%emt 0:00:30]} 2. g3 {[%emt 0:00:00]} d5 {[%emt 0:00:00]} 3. Bg2 {[%emt 0:00:00]} Nf6 {[%emt 0:00:00]} 4. cxd5 {[%emt 0:00:30]} cxd5 {[%emt 0:00:30]} 5. d4 {[%emt 0:01:30]} Nc6 {[%emt 0:01:30]} 6. Nc3 {[%emt 0:00:30]} e6 {[%emt 0:02:30]} 7. Nf3 {[%emt 0:01:30]} Bd6 {[%emt 0:01:30]} 8. O-O {[%emt 0:02:30]} O-O {[%emt 0:01:30]} 9. Bf4 {[%emt 0:07:30]} a6 {[%emt 0:03:30]} 10. Na4 {[%emt 0:12:30]} Ne4 {[%emt 0:07:30]} 11. Ne5 {[%emt 0:04:30]} Bxe5 {[%emt 0:08:30]} 12. Bxe5 {[%emt 0:09:30]} Nxe5 {[%emt 0:09:30]} 13. dxe5 {[%emt 0:01:30]} Qa5 {[%emt 0:04:30]} 14. Bxe4 {[%emt 0:21:30]} dxe4 {[%emt 0:00:30]} 15. Qd4 {[%emt 0:01:30]} Qd5 {[%emt 0:15:30]} 16. Rfd1 {[%emt 0:03:30]} b5 {[%emt 0:07:30]} 17. Qc5 {[%emt 0:04:30]} Qb7 {[%emt 0:01:30]} 18. Nb6 {[%emt 0:02:30]} Rb8 {[%emt 0:00:30]} 19. Rd6 {[%emt 0:00:30]} Qe7 {[%emt 0:04:30]} 20. Rc1 {[%emt 0:04:23]} f6 {[%emt 0:05:30]} 21. exf6 {[%emt 0:02:24]} Qxf6 {[%emt 0:03:30]} 22. Rc6 {[%emt 0:02:21]} e3 {[%emt 0:06:38]} 23. Qxe3 {[%emt 0:01:39]} Qxb2 {[%emt 0:03:19]} 24. Nxc8 {[%emt 0:03:58]} Qxa2 {[%emt 0:00:27]} 25. Ne7+ {[%emt 0:01:02]} Kh8 {[%emt 0:00:30]} 26. Qe5 {[%emt 0:05:05]} Rbe8 {[%emt 0:02:03]} 27. Rc7 {[%emt 0:00:23]} Rf6 {[%emt 0:00:54]} 28. Nf5 {[%emt 0:01:24]} Qd5 {[%emt 0:01:02]} 29. Qxd5 {[%emt 0:00:52]} exd5 {[%emt 0:00:10]} 30. Nxg7 {[%emt 0:00:55]} Rxe2 {[%emt 0:01:44]} 31. Nh5 {[%emt 0:00:59]} Rf8 {[%emt 0:00:24]} 32. Ra7 {[%emt 0:00:35]} Re6 {[%emt 0:01:27]} 33. Nf4 {[%emt 0:00:54]} Rh6 {[%emt 0:02:21]} 34. Nxd5 {[%emt 0:00:18]} Rd8 {[%emt 0:01:05]} 35. Nb4 {[%emt 0:00:24]} Rhd6 {[%emt 0:00:24]} 36. Rxa6 {[%emt 0:00:55]} Rd2 {[%emt 0:01:20]} 37. Rb6 {[%emt 0:01:16]} Rf8 {[%emt 0:00:11]} 38. Rf1 {[%emt 0:01:15]} Rf5 {[%emt 0:00:29]} 39. Nc6 {[%emt 0:00:17]} Rc5 {[%emt 0:00:38]} 40. Kg2 {[%emt 0:01:00]} Rb2 {[%emt 0:01:07]} 41. Ra1 {[%emt 0:00:36]} Kg7 {[%emt 0:01:05]} 42. Nd4 {[%emt 0:00:10]} Rc7 {[%emt 0:00:36]} 43. Ne6+ {[%emt 0:00:01]} 1-0